[Event "4MCR_4D_1L_4S"]
[Site "CR"]
[Date "2000.??.??"]
[Round "?"]
[White "Kunovjanek, Milan"]
[Black "Kuta, Miroslav"]
[Result "0-1"]
[WhiteElo "2120"]
[BlackElo "2130"]
[PlyCount "96"]
[EventDate "2000.??.??"]
[EventType "tourn (corr)"]

1. e4 c6 2. d4 d5 3. Nc3 dxe4 4. Nxe4 Bf5 5. Ng3 Bg6 6. h4 h6 7. Nf3 Nd7 8. h5
Bh7 9. Bd3 Bxd3 10. Qxd3 Qc7 11. Bd2 e6 12. O-O-O Ngf6 13. Qe2 O-O-O 14. Ne5
Nb6 15. Ba5 Rd5 16. Bxb6 axb6 17. f4 Bd6 18. Kb1 Rd8 19. c4 Ra5 20. Rd3 Qe7 21.
Qd2 Bc7 22. Rc1 b5 23. Rb3 bxc4 24. Rxc4 Nd7 25. Qe2 Nxe5 26. fxe5 Rad5 27. Qg4
f6 28. exf6 Qxf6 29. Ne4 Qf5 30. Qxf5 exf5 31. Nc5 Rxd4 32. Rxd4 Rxd4 33. Re3
b6 34. Ne6 Rg4 35. Re2 Bd6 36. b3 Kd7 37. Kc2 Be7 38. a4 Bf6 39. Nf8+ Kd6 40.
Rd2+ Bd4 41. b4 c5 42. bxc5+ bxc5 43. Ng6 Rg5 44. Nf4 Ke5 45. Ng6+ Kd5 46. Kb3
Rg3+ 47. Ka2 Kc4 48. Nh4 Rg5 0-1

[Event "4MCR_4D_1L_4S"]
[Site "CR"]
[Date "2000.??.??"]
[Round "?"]
[White "Kunovjanek, Milan"]
[Black "Leiner, Raimund"]
[Result "1/2-1/2"]
[WhiteElo "2120"]
[BlackElo "2245"]
[PlyCount "70"]
[EventDate "2000.??.??"]
[EventType "tourn (corr)"]

1. e4 c5 2. Nf3 Nc6 3. d4 cxd4 4. Nxd4 Nf6 5. Nc3 e5 6. Ndb5 d6 7. Bg5 a6 8.
Na3 b5 9. Bxf6 gxf6 10. Nd5 Bg7 11. Bd3 Ne7 12. Nxe7 Qxe7 13. c3 f5 14. Nc2 Bb7
15. Ne3 fxe4 16. Nf5 Qf6 17. Bxe4 d5 18. Bxd5 Rd8 19. Qg4 Rxd5 20. Qxg7 Qxg7
21. Nxg7+ Ke7 22. Nf5+ Ke6 23. Ne3 Rd7 24. Ke2 f5 25. f3 f4 26. Nc2 Rg8 27.
Rhg1 Bd5 28. Nb4 Bc4+ 29. Ke1 a5 30. Na6 Rc8 31. b4 axb4 32. cxb4 Rd4 33. Nc5+
Kf5 34. g4+ fxg3 35. Rxg3 Ra8 1/2-1/2

[Event "4MCR_4D_1L_4S"]
[Site "CR"]
[Date "2000.??.??"]
[Round "?"]
[White "Kunovjanek, Milan"]
[Black "Novak, Vratislav"]
[Result "1-0"]
[WhiteElo "2120"]
[BlackElo "2260"]
[PlyCount "85"]
[EventDate "2000.??.??"]
[EventType "tourn (corr)"]

1. e4 e5 2. Nf3 Nc6 3. Bb5 a6 4. Ba4 Nf6 5. O-O Be7 6. Re1 b5 7. Bb3 d6 8. c3
O-O 9. h3 Na5 10. Bc2 c5 11. d4 cxd4 12. cxd4 Bb7 13. d5 Rc8 14. Nbd2 Qc7 15.
Bd3 Nd7 16. Nf1 f5 17. exf5 Bxd5 18. Ng5 Bxg5 19. Bxg5 Ba8 20. Ng3 Qb7 21. Be4
d5 22. Bf3 e4 23. Nxe4 dxe4 24. Bxe4 Nc6 25. Bd5+ Kh8 26. Re7 Rxf5 27. Qg4 Rg8
28. Be4 Re5 29. Rxe5 Ncxe5 30. Bxb7 Nxg4 31. Bxa8 Rxa8 32. hxg4 Ne5 33. f3 h6
34. Bd2 Nd3 35. b3 Rd8 36. Kf1 Kg8 37. Ke2 Kf7 38. Rd1 Nc5 39. Rc1 Ne6 40. Be3
Nd4+ 41. Bxd4 Rxd4 42. Rc6 a5 43. Rc5 1-0

[Event "4MCR_4D_1L_4S"]
[Site "CR"]
[Date "2000.??.??"]
[Round "?"]
[White "Kunovjanek, Milan"]
[Black "Novotny, Josef"]
[Result "1-0"]
[WhiteElo "2120"]
[BlackElo "2165"]
[PlyCount "57"]
[EventDate "2000.??.??"]
[EventType "tourn (corr)"]

1. e4 c5 2. Nf3 e6 3. d4 cxd4 4. Nxd4 a6 5. Nc3 b5 6. Bd3 Qb6 7. Nb3 Qc7 8. O-O
Bb7 9. Qe2 d6 10. a4 b4 11. Na2 d5 12. Bd2 dxe4 13. Bxe4 Nc6 14. Qc4 Bd6 15.
Nxb4 Bxh2+ 16. Kh1 Nxb4 17. Qxb4 Rb8 18. g3 Bxg3 19. fxg3 Qxg3 20. Rf4 Bxe4+
21. Qxe4 Ne7 22. Raf1 O-O 23. R4f3 Qg6 24. Qxg6 Nxg6 25. Bc3 Rbc8 26. Rd1 Rc4
27. a5 e5 28. Rd6 Ra8 29. Rfd3 1-0

[Event "4MCR_4D_1L_4S"]
[Site "CR"]
[Date "2000.??.??"]
[Round "?"]
[White "Kunovjanek, Milan"]
[Black "Rybak, David"]
[Result "1-0"]
[WhiteElo "2120"]
[BlackElo "1600"]
[PlyCount "32"]
[EventDate "2000.??.??"]
[EventType "tourn (corr)"]

1. e4 e5 2. Nf3 Nc6 3. Bb5 f5 4. Nc3 fxe4 5. Nxe4 Nf6 6. Nxf6+ Qxf6 7. Qe2 d5
8. c4 a6 9. Bxc6+ bxc6 10. Nxe5 Be7 11. O-O O-O 12. d4 Re8 13. Re1 Bb4 14. Bd2
Bxd2 15. Qxd2 dxc4 16. Nxc4 Rd8 1-0

[Event "4MCR_4D_1L_4S"]
[Site "CR"]
[Date "2000.??.??"]
[Round "?"]
[White "Kunovjanek, Milan"]
[Black "Trcka, Vaclav"]
[Result "1/2-1/2"]
[WhiteElo "2120"]
[BlackElo "2065"]
[PlyCount "84"]
[EventDate "2000.??.??"]
[EventType "tourn (corr)"]

1. e4 c5 2. Nf3 Nc6 3. d4 cxd4 4. Nxd4 Nf6 5. Nc3 e5 6. Ndb5 d6 7. Bg5 a6 8.
Na3 b5 9. Bxf6 gxf6 10. Nd5 Bg7 11. Bd3 Ne7 12. Nxe7 Qxe7 13. c4 f5 14. O-O O-O
15. Qh5 Rb8 16. exf5 e4 17. Rae1 Bb7 18. b3 bxc4 19. bxc4 Rfe8 20. Nb1 Qf6 21.
Bc2 Bc6 22. Nd2 Qd4 23. Rd1 Qc3 24. Bb3 a5 25. f6 Qxf6 26. Qxa5 Qg6 27. Bc2 f5
28. Nxe4 fxe4 29. Qc7 d5 30. cxd5 Bb5 31. d6 Rec8 32. Bb3+ Kh8 33. Qa7 Bxf1 34.
Kxf1 Rd8 35. d7 Qf5 36. Kg1 Be5 37. g3 Bg7 38. Qc7 Rf8 39. Qc2 Rbd8 40. Ba4 Qf6
41. Qe2 Qb6 42. Rd5 Rf3 1/2-1/2

[Event "4MCR_4D_1L_4S"]
[Site "CR"]
[Date "2000.??.??"]
[Round "?"]
[White "Kunovjanek, Milan"]
[Black "Urbanek, Stepan"]
[Result "1/2-1/2"]
[WhiteElo "2120"]
[BlackElo "2340"]
[PlyCount "63"]
[EventDate "2000.??.??"]
[EventType "tourn (corr)"]

1. e4 e6 2. d4 d5 3. Nd2 Nf6 4. e5 Nfd7 5. Bd3 c5 6. c3 Nc6 7. Ne2 Qb6 8. Nf3
cxd4 9. cxd4 f6 10. exf6 Nxf6 11. O-O Bd6 12. Nc3 O-O 13. Re1 Bd7 14. Bg5 Kh8
15. Na4 Qa5 16. a3 Nxd4 17. Nxd4 Bxa4 18. b3 Qb6 19. Nxe6 Bxb3 20. Qd2 Rf7 21.
h3 Ne4 22. Bxe4 dxe4 23. Be3 Bh2+ 24. Kxh2 Qxe6 25. Rac1 Rd7 26. Qa5 Bc4 27.
Red1 b6 28. Qg5 Rd3 29. Qf4 b5 30. Bxa7 Rxa3 31. Rd6 Qe8 32. Bd4 1/2-1/2

[Event "4MCR_4D_1L_4S"]
[Site "CR"]
[Date "2000.??.??"]
[Round "?"]
[White "Kuta, Miroslav"]
[Black "Cakl, Zdenek"]
[Result "1-0"]
[WhiteElo "2130"]
[BlackElo "2075"]
[PlyCount "65"]
[EventDate "2000.??.??"]
[EventType "tourn (corr)"]

1. d4 d5 2. c4 e6 3. Nc3 f5 4. Nf3 Nf6 5. Bf4 Be7 6. e3 O-O 7. Bd3 Ne4 8. h4 c5
9. cxd5 exd5 10. dxc5 Nxc3 11. bxc3 Nc6 12. Ng5 Qa5 13. Qh5 Qxc3+ 14. Ke2 h6
15. Qg6 Bxg5 16. hxg5 Qb2+ 17. Kf3 hxg5 18. Qxg5 Ne5+ 19. Bxe5 Qxe5 20. Qf4
Qxf4+ 21. Kxf4 Kf7 22. Rab1 Kf6 23. Rh5 g6 24. Rh6 Rf7 25. g4 fxg4 26. Bxg6 Rf8
27. Rbh1 Ke7+ 28. Ke5 Bd7 29. Rh7+ Kd8 30. e4 d4 31. Kxd4 Rc8 32. R1h5 Rc7 33.
Rh8 1-0

[Event "4MCR_4D_1L_4S"]
[Site "CR"]
[Date "2000.??.??"]
[Round "?"]
[White "Kuta, Miroslav"]
[Black "Hladecek, Miloslav"]
[Result "1/2-1/2"]
[WhiteElo "2130"]
[BlackElo "2150"]
[PlyCount "58"]
[EventDate "2000.??.??"]
[EventType "tourn (corr)"]

1. d4 Nf6 2. c4 e6 3. Nc3 Bb4 4. e3 O-O 5. Bd3 d5 6. Nf3 c5 7. O-O Nc6 8. a3
Bxc3 9. bxc3 Qc7 10. cxd5 exd5 11. a4 c4 12. Bc2 Re8 13. Nd2 Ng4 14. g3 Qa5 15.
Ra3 Nf6 16. Re1 Bg4 17. f3 Bh5 18. e4 dxe4 19. Nxe4 Nxe4 20. Bxe4 f5 21. Bxc6
bxc6 22. Rxe8+ Rxe8 23. Kf2 Bf7 24. Bf4 Bd5 25. Qb1 c5 26. Qb5 Qxb5 27. axb5
cxd4 28. cxd4 Re7 29. Ra5 Bf7 1/2-1/2

[Event "4MCR_4D_1L_4S"]
[Site "CR"]
[Date "2000.??.??"]
[Round "?"]
[White "Kuta, Miroslav"]
[Black "Leiner, Raimund"]
[Result "1/2-1/2"]
[WhiteElo "2130"]
[BlackElo "2245"]
[PlyCount "63"]
[EventDate "2000.??.??"]
[EventType "tourn (corr)"]

1. d4 d5 2. c4 e6 3. Nc3 Nf6 4. Bg5 Be7 5. e3 O-O 6. Nf3 h6 7. Bh4 Ne4 8. Bxe7
Qxe7 9. Rc1 c6 10. Bd3 Nxc3 11. Rxc3 dxc4 12. Bxc4 Nd7 13. O-O e5 14. Bb3 Re8
15. Qc2 e4 16. Nd2 Nf6 17. Rc5 Be6 18. Re5 Bxb3 19. Qxb3 Qc7 20. Rxe8+ Rxe8 21.
Rc1 Re6 22. h3 Qe7 23. Nc4 Nd5 24. a3 Rg6 25. Ne5 Re6 26. Qc2 a6 27. b4 f6 28.
Nc4 Qf7 29. Qb2 Qe7 30. Qb3 Kh7 31. Rb1 Qd7 32. Rc1 1/2-1/2

[Event "4MCR_4D_1L_4S"]
[Site "CR"]
[Date "2000.??.??"]
[Round "?"]
[White "Kuta, Miroslav"]
[Black "Novotny, Josef"]
[Result "1/2-1/2"]
[WhiteElo "2130"]
[BlackElo "2165"]
[PlyCount "97"]
[EventDate "2000.??.??"]
[EventType "tourn (corr)"]

1. d4 Nf6 2. c4 e6 3. Nc3 Bb4 4. e3 c5 5. Bd3 O-O 6. Nf3 cxd4 7. exd4 d5 8. O-O
dxc4 9. Bxc4 Bd7 10. Ne5 Bc6 11. Bg5 Nbd7 12. Nxc6 bxc6 13. Rc1 h6 14. Be3 Nd5
15. Ne4 Qh4 16. Qf3 a6 17. a3 Be7 18. g3 Qh3 19. Rfe1 Rfb8 20. Rc2 Nxe3 21.
fxe3 Qf5 22. Qxf5 exf5 23. Nf2 Rb6 24. Nd3 Bf6 25. Ba2 a5 26. Kf2 Re8 27. Rc4
Kf8 28. Re2 g6 29. Kf3 h5 30. Rec2 Bg5 31. Nf4 Nf6 32. h3 Nd5 33. Nxd5 cxd5 34.
Rc8 Rbe6 35. Rxe8+ Kxe8 36. Rc3 Rd6 37. h4 Bd8 38. Rc5 Rb6 39. b3 Ra6 40. Rxd5
Be7 41. a4 Bb4 42. Bb1 Re6 43. Ke2 Rd6 44. Rb5 Rd7 45. Bd3 Ke7 46. Bc4 Ra7 47.
Kf3 Rc7 48. Rb8 Rd7 49. Rc8 1/2-1/2

[Event "4MCR_4D_1L_4S"]
[Site "CR"]
[Date "2000.??.??"]
[Round "?"]
[White "Kuta, Miroslav"]
[Black "Pletanek, Danous"]
[Result "1/2-1/2"]
[WhiteElo "2130"]
[BlackElo "2295"]
[PlyCount "52"]
[EventDate "2000.??.??"]
[EventType "tourn (corr)"]

1. d4 Nf6 2. c4 e6 3. Nc3 d5 4. Bg5 Be7 5. e3 O-O 6. Nf3 h6 7. Bh4 b6 8. Be2
Bb7 9. Bxf6 Bxf6 10. cxd5 exd5 11. O-O c6 12. b4 Re8 13. Qb3 a5 14. bxa5 Rxa5
15. Rfe1 Nd7 16. a4 Qa8 17. e4 b5 18. exd5 bxa4 19. Rxa4 Rxa4 20. Qxa4 Qxa4 21.
Nxa4 cxd5 22. Rb1 Rxe2 23. Rxb7 Bxd4 24. Rxd7 Ra2 25. Kf1 Rxa4 26. Rxd5 Ra1+
1/2-1/2

[Event "4MCR_4D_1L_4S"]
[Site "CR"]
[Date "2000.??.??"]
[Round "?"]
[White "Kuta, Miroslav"]
[Black "Rachunek, Milan"]
[Result "0-1"]
[WhiteElo "2120"]
[BlackElo "2000"]
[PlyCount "88"]
[EventDate "2000.??.??"]
[EventType "tourn (corr)"]

1. d4 Nf6 2. c4 e6 3. Nc3 Bb4 4. e3 O-O 5. Bd3 c5 6. Nf3 Bxc3+ 7. bxc3 d6 8.
O-O Nc6 9. e4 e5 10. d5 Ne7 11. Nh4 h6 12. f3 Nh5 13. g3 Bh3 14. Rf2 Nf6 15. g4
g5 16. Nf5 Nxf5 17. exf5 Re8 18. Bf1 Bxf1 19. Qxf1 e4 20. f4 e3 21. Re2 Re4 22.
fxg5 hxg5 23. Bxe3 Qe7 24. Rae1 Re8 25. h3 Qe5 26. Kh1 Qxc3 27. Bxg5 Rxe2 28.
Rxe2 Rxe2 29. Qxe2 Qxh3+ 30. Kg1 Qg3+ 31. Qg2 Qe1+ 32. Qf1 Qxf1+ 33. Kxf1 Nxg4
34. Bf4 Ne5 35. Bxe5 dxe5 36. f6 Kf8 37. Ke2 Ke8 38. Ke3 Kd7 39. Ke4 Kd6 40. a4
a6 41. Kf5 b5 42. cxb5 axb5 43. axb5 c4 44. Ke4 Kc5 0-1

[Event "4MCR_4D_1L_4S"]
[Site "CR"]
[Date "2000.??.??"]
[Round "?"]
[White "Kuta, Miroslav"]
[Black "Urbanek, Stepan"]
[Result "1-0"]
[WhiteElo "2130"]
[BlackElo "2340"]
[PlyCount "61"]
[EventDate "2000.??.??"]
[EventType "tourn (corr)"]

1. d4 e6 2. c4 f5 3. g3 Nf6 4. Bg2 c6 5. Nf3 d5 6. O-O Bd6 7. b3 Qe7 8. Bb2 b6
9. Ne5 Bb7 10. Nd2 O-O 11. Rc1 a5 12. e3 Na6 13. Qe2 Ne4 14. Rfd1 Nc7 15. Ndf3
a4 16. cxd5 cxd5 17. Rc2 g5 18. Rdc1 g4 19. Ne1 a3 20. Ba1 Rfc8 21. N1d3 Na6
22. Bc3 Rc7 23. Be1 Rac8 24. h3 gxh3 25. Bxh3 b5 26. Rxc7 Rxc7 27. Rxc7 Nxc7
28. Qh5 Ne8 29. f3 Ng5 30. Bf1 Ng7 31. Qh4 1-0

[Event "4MCR_4D_1L_4S"]
[Site "CR"]
[Date "2000.??.??"]
[Round "?"]
[White "Leiner, Raimund"]
[Black "Alexa, Jaroslav"]
[Result "1/2-1/2"]
[WhiteElo "2245"]
[BlackElo "2340"]
[PlyCount "52"]
[EventDate "2000.??.??"]
[EventType "tourn (corr)"]

1. e4 c5 2. Nf3 Nc6 3. d4 cxd4 4. Nxd4 Nf6 5. Nc3 e5 6. Ndb5 d6 7. Bg5 a6 8.
Na3 b5 9. Nd5 Be7 10. Bxf6 Bxf6 11. c3 O-O 12. Nc2 Bg5 13. a4 bxa4 14. Rxa4 a5
15. Bc4 Rb8 16. b3 Kh8 17. Nce3 Be6 18. O-O g6 19. g3 f5 20. exf5 gxf5 21. f4
Bh6 22. Qh5 Bg7 23. Rd1 Ne7 24. fxe5 Nxd5 25. Bxd5 Bxd5 26. Nxd5 dxe5 1/2-1/2

[Event "4MCR_4D_1L_4S"]
[Site "CR"]
[Date "2000.??.??"]
[Round "?"]
[White "Leiner, Raimund"]
[Black "Cakl, Zdenek"]
[Result "1-0"]
[WhiteElo "2245"]
[BlackElo "2075"]
[PlyCount "113"]
[EventDate "2000.??.??"]
[EventType "tourn (corr)"]

1. e4 c5 2. Nf3 Nc6 3. d4 cxd4 4. Nxd4 d6 5. Nc3 g6 6. Be3 Bg7 7. Bc4 Nf6 8. f3
O-O 9. Qd2 Bd7 10. O-O-O Ne5 11. Bb3 Rc8 12. h4 Nc4 13. Bxc4 Rxc4 14. Qd3 Qc8
15. g4 h5 16. g5 Nh7 17. Nde2 b6 18. Bd4 Be6 19. Bxg7 Kxg7 20. b3 Rc5 21. Kb2
Qd7 22. Na4 Rc7 23. Nec3 Rfc8 24. Rh2 Rb7 25. Nb5 a6 26. Nd4 b5 27. Nc3 b4 28.
Nd5 Bxd5 29. exd5 Nf8 30. Qxa6 Qc7 31. Re2 Ra7 32. Qd3 Qa5 33. Nc6 Rxc6 34.
dxc6 Ne6 35. Re4 Nc5 36. Qd4+ Kg8 37. Re3 Ne6 38. Qc4 Qxa2+ 39. Kc1 Qa5 40.
Rde1 Rc7 41. Rxe6 fxe6 42. Rxe6 d5 43. Qd3 Qa1+ 44. Kd2 Qc3+ 45. Qxc3 bxc3+ 46.
Kxc3 Kf7 47. Re2 Rxc6+ 48. Kd4 e6 49. c4 dxc4 50. bxc4 Rd6+ 51. Ke5 Rd3 52. Re4
Ke7 53. Rf4 Rd1 54. Rf6 Re1+ 55. Kd4 Rh1 56. Rxg6 Rxh4+ 57. Kc5 1-0

[Event "4MCR_4D_1L_4S"]
[Site "CR"]
[Date "2000.??.??"]
[Round "?"]
[White "Leiner, Raimund"]
[Black "Hladecek, Miloslav"]
[Result "1-0"]
[WhiteElo "2245"]
[BlackElo "2150"]
[PlyCount "113"]
[EventDate "2000.??.??"]
[EventType "tourn (corr)"]

1. e4 c5 2. Nf3 d6 3. d4 cxd4 4. Nxd4 Nf6 5. Nc3 a6 6. Bc4 e6 7. Bb3 b5 8. O-O
Be7 9. Qf3 Qb6 10. Be3 Qb7 11. Qg3 g6 12. f3 Nbd7 13. Rad1 Nc5 14. Bh6 e5 15.
Nd5 Nh5 16. Qf2 exd4 17. g4 d3 18. gxh5 Bh3 19. Rfe1 Rg8 20. Kh1 Be6 21. Nxe7
Qxe7 22. Bxe6 fxe6 23. Rg1 Qf6 24. cxd3 e5 25. f4 exf4 26. Bg5 Qe6 27. b4 Nd7
28. Bxf4 Rf8 29. hxg6 hxg6 30. Qg3 Rf6 31. Rc1 d5 32. Bg5 Rf7 33. Qg2 Nb6 34.
Be3 d4 35. Bxd4 Rd8 36. Bxb6 Qxb6 37. Qxg6 Qxg6 38. Rxg6 Rxd3 39. Rxa6 Rf2 40.
Ra7 Rd7 41. Rxd7 Kxd7 42. a3 Rf3 43. Rc5 Rxa3 44. Rxb5 Re3 45. e5 Ke6 46. Kg2
Kf5 47. Rc5 Re4 48. b5 Rg4+ 49. Kf3 Rb4 50. Ke3 Rh4 51. Kd3 Ke6 52. Kc3 Rh3+
53. Kb4 Rxh2 54. Ka5 Ra2+ 55. Kb6 Kd7 56. Kb7 Ra5 57. Rd5+ 1-0

[Event "4MCR_4D_1L_4S"]
[Site "CR"]
[Date "2000.??.??"]
[Round "?"]
[White "Leiner, Raimund"]
[Black "Hladik, Josef"]
[Result "1-0"]
[WhiteElo "2245"]
[BlackElo "2180"]
[PlyCount "97"]
[EventDate "2000.??.??"]
[EventType "tourn (corr)"]

1. e4 e5 2. Nf3 Nc6 3. d4 exd4 4. Nxd4 Bc5 5. Be3 Qf6 6. c3 Nge7 7. g3 d5 8.
Bg2 Nxd4 9. cxd4 Bb4+ 10. Nc3 Bxc3+ 11. bxc3 dxe4 12. Bxe4 O-O 13. O-O c6 14.
Qb1 h6 15. Re1 b6 16. Bg2 Bf5 17. Qb3 Rad8 18. Bf4 Rd7 19. Qa3 Rc8 20. Be5 Qg6
21. c4 Be6 22. Rac1 Qg5 23. h4 Qf5 24. Be4 Qg4 25. Bf3 Qf5 26. Be4 Qg4 27. f3
Qh5 28. Bd6 Ng6 29. g4 Qxh4 30. Bxg6 Rcd8 31. Rxe6 fxe6 32. c5 bxc5 33. dxc5
Rxd6 34. cxd6 Qg3+ 35. Kf1 Rxd6 36. Qc3 c5 37. Be4 Qh2 38. Ke1 g5 39. Bd3 Qg3+
40. Ke2 Qh2+ 41. Kd1 Qf2 42. Qc4 Qxf3+ 43. Kc2 Qf2+ 44. Be2 Qe3 45. Rd1 Rxd1
46. Bxd1 Kf7 47. Qd3 Qf2+ 48. Kb3 Kf6 49. a3 1-0

[Event "4MCR_4D_1L_4S"]
[Site "CR"]
[Date "2000.??.??"]
[Round "?"]
[White "Leiner, Raimund"]
[Black "Pletanek, Danous"]
[Result "1/2-1/2"]
[WhiteElo "2245"]
[BlackElo "2295"]
[PlyCount "44"]
[EventDate "2000.??.??"]
[EventType "tourn (corr)"]

1. e4 c5 2. Nf3 d6 3. d4 cxd4 4. Nxd4 Nf6 5. Nc3 a6 6. Bc4 e6 7. Bb3 b5 8. O-O
Be7 9. Qf3 Qc7 10. Qg3 O-O 11. Bh6 Ne8 12. Rad1 Bd7 13. Nf3 a5 14. a4 b4 15.
Ne2 Nc6 16. Nf4 Bf6 17. Nd3 Ne7 18. Be3 Bc6 19. Nd2 Rc8 20. f3 Bb7 21. Qf2 Ba6
22. Rb1 Qb8 1/2-1/2

[Event "4MCR_4D_1L_4S"]
[Site "CR"]
[Date "2000.??.??"]
[Round "?"]
[White "Leiner, Raimund"]
[Black "Rachunek, Milan"]
[Result "1/2-1/2"]
[WhiteElo "2245"]
[BlackElo "2000"]
[PlyCount "67"]
[EventDate "2000.??.??"]
[EventType "tourn (corr)"]

1. e4 e5 2. Nf3 Nc6 3. Nc3 Nf6 4. Bb5 Nd4 5. Bc4 Bc5 6. d3 d6 7. Nxd4 Bxd4 8.
O-O Be6 9. Bb3 O-O 10. Ne2 Bb6 11. Bg5 h6 12. Bh4 c6 13. Nc3 Qe7 14. Qe2 Rad8
15. Kh1 g5 16. Bg3 Kg7 17. Nd1 Bg4 18. f3 Be6 19. Bf2 Bxf2 20. Nxf2 b6 21. g3
Nd7 22. Ng4 Nc5 23. Bxe6 fxe6 24. f4 h5 25. Nf2 gxf4 26. Qxh5 Rh8 27. Qf3 Rdf8
28. gxf4 exf4 29. d4 Nd7 30. e5 dxe5 31. dxe5 Nxe5 32. Rg1+ Kf7 33. Qxf4+ Qf6
34. Qxf6+ 1/2-1/2

[Event "4MCR_4D_1L_4S"]
[Site "CR"]
[Date "2000.??.??"]
[Round "?"]
[White "Leiner, Raimund"]
[Black "Vrkoc, David"]
[Result "1/2-1/2"]
[WhiteElo "2245"]
[BlackElo "2270"]
[PlyCount "87"]
[EventDate "2000.??.??"]
[EventType "tourn (corr)"]

1. e4 c5 2. Nf3 d6 3. d4 cxd4 4. Nxd4 Nf6 5. Nc3 a6 6. Bc4 e6 7. Bb3 b5 8. O-O
Be7 9. Qf3 Qc7 10. Qg3 O-O 11. Bh6 Ne8 12. Rad1 Bd7 13. Nf3 a5 14. a4 b4 15.
Ne2 Bf6 16. Bf4 Bxb2 17. Bxd6 Nxd6 18. Rxd6 Na6 19. Rfd1 Rfd8 20. e5 Nc5 21.
Qh4 h6 22. Ned4 Nb7 23. Nb5 Bxb5 24. Rxd8+ Nxd8 25. axb5 Nb7 26. Qe4 Rc8 27.
Qe3 Nc5 28. Rd6 a4 29. Rc6 Qd7 30. Rxc8+ Qxc8 31. Ba2 Qd8 32. Qe2 a3 33. h4 Na4
34. Bb3 Nc3 35. Qc4 Qb8 36. Nd4 Nd5 37. Nc6 Qa8 38. h5 Bc3 39. g3 Qb7 40. Qc5
Qb6 41. Qd6 Be1 42. Ne7+ Kh7 43. Qxb6 Nxb6 44. Kf1 1/2-1/2

[Event "4MCR_4D_1L_4S"]
[Site "CR"]
[Date "2000.??.??"]
[Round "?"]
[White "Novak, Vratislav"]
[Black "Cakl, Zdenek"]
[Result "1/2-1/2"]
[WhiteElo "2260"]
[BlackElo "2075"]
[PlyCount "57"]
[EventDate "2000.??.??"]
[EventType "tourn (corr)"]

1. e4 c5 2. Nf3 Nc6 3. Bb5 d6 4. d4 cxd4 5. Qxd4 Bd7 6. Bxc6 Bxc6 7. Nc3 Nf6 8.
Bg5 e6 9. O-O-O Be7 10. Rhe1 O-O 11. Qd2 Qb6 12. Nd4 Bd7 13. f3 a5 14. Nde2 Bc6
15. Qd4 Qc5 16. Be3 a4 17. a3 Rfc8 18. g4 Qa5 19. h4 d5 20. g5 dxe4 21. gxf6
Bxf6 22. Qd6 exf3 23. Nd4 Bxh4 24. Rh1 Bf6 25. Qh2 h6 26. Rdg1 Kf8 27. Qd6+ Kg8
28. Qh2 Kf8 29. Qd6+ 1/2-1/2

[Event "4MCR_4D_1L_4S"]
[Site "CR"]
[Date "2000.??.??"]
[Round "?"]
[White "Novak, Vratislav"]
[Black "Hladecek, Miloslav"]
[Result "0-1"]
[WhiteElo "2260"]
[BlackElo "2150"]
[PlyCount "48"]
[EventDate "2000.??.??"]
[EventType "tourn (corr)"]

1. e4 c5 2. Nf3 d6 3. d4 cxd4 4. Qxd4 Nc6 5. Bb5 a6 6. Bxc6+ bxc6 7. O-O e5 8.
Qd3 Nf6 9. c4 Be6 10. Nc3 Be7 11. c5 Bg4 12. Bg5 Bxf3 13. Qxf3 dxc5 14. Rfd1
Qc7 15. Qg3 O-O 16. Bh6 Ne8 17. Rd2 c4 18. Rad1 Rd8 19. Rxd8 Bxd8 20. Be3 Be7
21. f3 Nf6 22. Qe1 Qb7 23. Qe2 Qb4 24. Rd7 Nxd7 0-1

[Event "4MCR_4D_1L_4S"]
[Site "CR"]
[Date "2000.??.??"]
[Round "?"]
[White "Novak, Vratislav"]
[Black "Kuta, Miroslav"]
[Result "1/2-1/2"]
[WhiteElo "2260"]
[BlackElo "2130"]
[PlyCount "66"]
[EventDate "2000.??.??"]
[EventType "tourn (corr)"]

1. e4 c6 2. d4 d5 3. exd5 cxd5 4. Bd3 Nc6 5. c3 Nf6 6. Bf4 Bg4 7. Qb3 Qc8 8.
Nd2 e6 9. Ngf3 Be7 10. Ne5 Nxe5 11. Bxe5 O-O 12. Qc2 Bf5 13. Bxf5 exf5 14. Qb3
Qc6 15. O-O b5 16. Rfe1 Ne4 17. Nf1 Bg5 18. f3 Nd2 19. Nxd2 Bxd2 20. Re2 Bg5
21. a4 a6 22. Bg3 Rae8 23. Re5 Rxe5 24. axb5 axb5 25. Bxe5 Be3+ 26. Kf1 f6 27.
Bg3 f4 28. Bf2 Re8 29. Bxe3 fxe3 30. Ke2 Kh8 31. Ra5 Qc7 32. Qxb5 Rb8 33. Qxd5
Qxh2 1/2-1/2

[Event "4MCR_4D_1L_4S"]
[Site "CR"]
[Date "2000.??.??"]
[Round "?"]
[White "Novak, Vratislav"]
[Black "Leiner, Raimund"]
[Result "1/2-1/2"]
[WhiteElo "2260"]
[BlackElo "2245"]
[PlyCount "67"]
[EventDate "2000.??.??"]
[EventType "tourn (corr)"]

1. e4 c5 2. Nf3 Nc6 3. Bb5 g6 4. c3 Bg7 5. O-O Nf6 6. e5 Nd5 7. d4 cxd4 8. cxd4
Nc7 9. Ba4 b5 10. Bb3 d5 11. Bd2 Bb7 12. Nc3 O-O 13. Rc1 Rc8 14. Ne2 Qd7 15.
Qc2 Ne6 16. Qd3 Rfd8 17. a3 a5 18. Rfe1 a4 19. Ba2 Ra8 20. Nf4 Nxf4 21. Bxf4 b4
22. Qd2 b3 23. Bb1 Rdc8 24. Bh6 Nd8 25. Bxg7 Kxg7 26. Ng5 Rxc1 27. Qxc1 Ne6 28.
h4 Rc8 29. Qd2 Nxg5 30. Qxg5 Rc6 31. h5 h6 32. Qg3 Bc8 33. Qe3 gxh5 34. Qf3
1/2-1/2

[Event "4MCR_4D_1L_4S"]
[Site "CR"]
[Date "2000.??.??"]
[Round "?"]
[White "Novak, Vratislav"]
[Black "Novotny, Josef"]
[Result "1/2-1/2"]
[WhiteElo "2260"]
[BlackElo "2165"]
[PlyCount "65"]
[EventDate "2000.??.??"]
[EventType "tourn (corr)"]

1. e4 c5 2. Nf3 e6 3. d4 cxd4 4. Nxd4 a6 5. Nc3 b5 6. Bd3 Qb6 7. Nb3 Qc7 8. a3
Nf6 9. O-O Bb7 10. Qe2 d6 11. Bd2 Nc6 12. a4 b4 13. Na2 d5 14. exd5 Nxd5 15. c4
Nf4 16. Bxf4 Qxf4 17. g3 Qe5 18. Rfe1 Qxe2 19. Rxe2 Be7 20. Be4 O-O 21. c5 Rab8
22. Rd1 Rfd8 23. Rxd8+ Nxd8 24. Nac1 Bc6 25. Bxc6 Nxc6 26. Rd2 Rd8 27. Rxd8+
Bxd8 28. f4 g5 29. Nd3 Kf8 30. Nd2 gxf4 31. gxf4 f6 32. Kf2 Ke7 33. Ke3 1/2-1/2

[Event "4MCR_4D_1L_4S"]
[Site "CR"]
[Date "2000.??.??"]
[Round "?"]
[White "Novak, Vratislav"]
[Black "Rachunek, Milan"]
[Result "0-1"]
[WhiteElo "2260"]
[BlackElo "2000"]
[PlyCount "74"]
[EventDate "2000.??.??"]
[EventType "tourn (corr)"]

1. e4 e5 2. f4 exf4 3. Nf3 d5 4. exd5 Nf6 5. Bb5+ c6 6. dxc6 Nxc6 7. d4 Bd6 8.
O-O O-O 9. Nbd2 Bc7 10. c3 Bf5 11. Nb3 Nd5 12. Nc5 Na5 13. Re1 Rc8 14. Ne5 Bd6
15. Bd7 Bxd7 16. Ncxd7 Bxe5 17. Nxe5 f6 18. Nd3 g5 19. Qg4 Kh8 20. h4 Nc4 21.
hxg5 fxg5 22. Qh5 Rf5 23. Re2 Qd6 24. Qf3 Rcf8 25. Nf2 Nce3 26. Ng4 Nxg4 27.
Qxg4 Qg6 28. Bd2 h5 29. Qf3 g4 30. Qe4 f3 31. Rf2 h4 32. Re1 b5 33. Qe6 Kg7 34.
gxf3 R8f6 35. Qd7+ Rf7 36. Qc8 h3 37. Re6 Nf6 0-1

[Event "4MCR_4D_1L_4S"]
[Site "CR"]
[Date "2000.??.??"]
[Round "?"]
[White "Novak, Vratislav"]
[Black "Urbanek, Stepan"]
[Result "0-1"]
[WhiteElo "2260"]
[BlackElo "2340"]
[PlyCount "100"]
[EventDate "2000.??.??"]
[EventType "tourn (corr)"]

1. e4 e6 2. d4 d5 3. e5 c5 4. c3 Nc6 5. a3 Qb6 6. Nf3 Nh6 7. b4 cxd4 8. cxd4
Nf5 9. Be3 Nxe3 10. fxe3 g6 11. Bd3 Bh6 12. Qe2 O-O 13. O-O a5 14. b5 Ne7 15.
a4 Nf5 16. Bxf5 exf5 17. Nbd2 Be6 18. Nb3 Rfc8 19. Rfc1 f4 20. exf4 Bxf4 21.
Rxc8+ Rxc8 22. Qe1 Qc7 23. Nc5 Bg4 24. b6 Qe7 25. Nd3 Bh6 26. Nc5 Bxf3 27. gxf3
Bf4 28. Kh1 Bxe5 29. f4 Bd6 30. Qxe7 Bxe7 31. Nxb7 Rb8 32. Nxa5 Rxb6 33. Kg2
Bb4 34. Nb3 Bc3 35. Rb1 Bxd4 36. a5 Rb5 37. Kf3 Kg7 38. Ke2 Kf6 39. Kd3 Ba7 40.
Kc3 h6 41. Re1 d4+ 42. Kc4 Rh5 43. Re2 Rh4 44. Rf2 d3 45. Ra2 Rxf4+ 46. Kxd3
Ke6 47. a6 f5 48. Nd2 g5 49. Rc2 Rd4+ 50. Ke2 Rd6 0-1